000 00365nam a22001217a 4500
999 _c3541
_d3541
005 20201207152357.0
008 201207b ||||| |||| 00| 0 eng d
020 _a0039101622
040 _cCML
245 _aReading in Psychology.
_cChild D.
260 _aNew castle
_bHolt, Rinehart and winston
_c1976
942 _2ddc
_cBK
_e1st Edition
_h370.15
_mCHI